Normal view
MARC view
- OBJECT ORIENTED PROGRAMMING-COMPUTER SCIENCE COMPUTER SOFTWARE-DEVELOPMENT C PLUS PLUS-COMPUTER PROGRAM LANGUAGE
Entry Topical Term
001 - CONTROL NUMBER
- control field: 80736
003 - CONTROL NUMBER IDENTIFIER
- control field: NUST
005 - DATE AND TIME OF LATEST TRANSACTION
- control field: 20210628210729.0
008 - FIXED-LENGTH DATA ELEMENTS
- fixed length control field: 210628|| aca||aabn | a|a d
040 ## - CATALOGING SOURCE
- Original cataloging agency: NUST
- Transcribing agency: NUST
150 ## - HEADING--TOPICAL TERM
- Topical term or geographic name entry element: OBJECT ORIENTED PROGRAMMING-COMPUTER SCIENCE COMPUTER SOFTWARE-DEVELOPMENT C PLUS PLUS-COMPUTER PROGRAM LANGUAGE
670 ## - SOURCE DATA FOUND
- Source citation: Work cat.: (NUST): Uml and c plus plusa practical guide to object oriented development, 1997
